|
|
|
|
| LEADER |
01276cam a22003251a 4500 |
| 001 |
000041232 |
| 003 |
17532 |
| 005 |
20170404000000.0 |
| 008 |
170404s2016 vm 000 vie |
| 041 |
|
|
|a vie
|
| 082 |
|
|
|a 420.83
|b NG-U
|
| 100 |
|
|
|a NGUYỄN THỊ THÙY UYÊN
|
| 245 |
|
|
|a SỬ DỤNG VOICE BLOG TRONG VIỆC PHÁT TRIỂN KỸ NĂNG NÓI CHO SINH VIÊN NĂM 3 TẠI KHOA TIẾNG ANH, TRƯỜNG ĐẠI HỌC NGOẠI NGỮ, ĐẠI HỌC ĐÀ NẴNG
|c Nguyễn Thị Thùy Uyên
|
| 260 |
|
|
|a ĐHNN
|c 2016
|
| 300 |
|
|
|a 50tr . : ill ; 30cm
|
| 650 |
|
|
|a PHÁT TRIỂN KỸ NĂNG NÓI CHO SINH VIÊN NĂM 3, SỬ DỤNG VOICE BLOG
|
| 852 |
|
|
|b Chuyên đề
|c Luận án tiến sĩ
|
| OWN |
|
|
|a LNN
|
| AVA |
|
|
|a UDN50
|b LNN
|d 420.83 NG-U
|e available
|t Error 5001 Not defined in file expand_doc_bib_avail.
|f 1
|g 0
|h N
|i 0
|k 1
|
| 999 |
|
|
|a From the UDN01
|
| AVA |
|
|
|a UDN50
|b LNN
|d 420.83 NG-U
|e available
|t Error 5001 Not defined in file expand_doc_bib_avail.
|f 1
|g 0
|h N
|i 0
|k 1
|
| TYP |
|
|
|a Monograph
|
| TYP |
|
|
|a Printed language
|
| 980 |
|
|
|a Mạng thư viện Đại học Đà Nẵng
|